Úspěšný start RM-Systému.
RM-Systém (RM-S) je akciová spoločnosť, ktorá sa zaoberá organizovaním mimoburzového trhu s cennými papiermi. Výhody RM-S a záruky zákazníkom. Aukcie cenných papierov a ďalšie služby RM-S. Spolupráca so Strediskom cenných papierov ČR a s Investičnou bankou. Poplatky za služby RM-S a cena akcií. Výsl...
Gespeichert in:
| 1. Verfasser: | |
|---|---|
| Format: | Buchkapitel |
| Sprache: | Tschechisch |
| Schlagworte: | |
| Tags: |
Keine Tags, Fügen Sie das erste Tag hinzu!
|
MARC
| LEADER | 00000naa a2200000 4500 | ||
|---|---|---|---|
| 001 | r013653 | ||
| 005 | 20221205075516.5 | ||
| 041 | 0 | |a cze | |
| 044 | |a CZ | ||
| 245 | 1 | 0 | |a Úspěšný start RM-Systému. |c L. Štícha |
| 520 | |a RM-Systém (RM-S) je akciová spoločnosť, ktorá sa zaoberá organizovaním mimoburzového trhu s cennými papiermi. Výhody RM-S a záruky zákazníkom. Aukcie cenných papierov a ďalšie služby RM-S. Spolupráca so Strediskom cenných papierov ČR a s Investičnou bankou. Poplatky za služby RM-S a cena akcií. Výsledky ostatných služieb a ďalší vývoj RM-S. | ||
| 610 | 2 | 0 | |a papiere cenné |
| 610 | 2 | 0 | |a trh |
| 610 | 2 | 0 | |a RM-Systém |
| 610 | 2 | 0 | |a služby |
| 610 | 2 | 0 | |a aukcie |
| 610 | 2 | 0 | |a akcie |
| 610 | 2 | 0 | |a spoločnosti akciové |
| 610 | 2 | 0 | |a banky investičné |
| 100 | 1 | |a Štícha, L. | |